| 000 | 01898nam a2200253 a 4500 | ||
|---|---|---|---|
| 001 | BRCA_4423 | ||
| 005 | 20190320204651.0 | ||
| 008 | 200810m19391986mx-a######---#000-0#spa-# | ||
| 041 | _aspa | ||
| 044 | _amx | ||
| 050 | 4 |
_aN8 _b.A53 7 _c1939 |
|
| 245 | 1 | 0 |
_aAnales del Instituto de Investigaciones Estéticas _cdirector Justino Fernández. |
| 260 |
_aMéxico _bUNAM, Instituto de Investigaciones Estéticas _c1939-1986 |
||
| 300 |
_a39v. _bil. _c23 cm. _eíndices del volumen 3, nos. 9, 10, 11 y 12, 1945 ; índices del volumen 1, nos. 1, 2, 3 y 4, 1939 |
||
| 500 | _aIncluye índice general, índice alfabético, notas bibliográficas e informaciones | ||
| 500 | _aVer también AM31, CFG37, CFG58, CFG59, CFG60 y CFG61 | ||
| 500 | _aH30 | ||
| 505 | 0 | _aContenido: Año 3, No.3, Vol.2, 1939. -- Año 3, No.4, Vol.2, 1939. -- No.5, Vol.2, 1940. -- No.6, Vol.2, 1940. -- No.7, Vol.2, 1941. -- No.8, Vol.2, 1942. -- No.9, Vol.3, 1942. -- No.10, Vol.3, 1943. -- No.11, Vol.3, 1944 (2 ej.). -- No.12, Vol.3, 1945. -- No.13, Vol.4, 1945 (2 ej.). -- No.14, Vol.4, 1946. -- No.15, Vol.4, 1947. -- No.16, Vol.4, 1948. -- No.17, Vol.5, 1949. -- No.18, Vol.5, 1950. -- No.19, Vol.5, 1951. -- No.20, Vol.5, 1952. -- No.21, Vol.6, 1953. -- No.22, Vol.6, 1954. -- No.23, Vol.6, 1955. -- No.24, Vol.6, 1956. -- No.25, Vol.6, 1957. -- No.26, Vol.7, 1957. -- No.27, Vol.7, 1958, No.28, Vol.7, 1959. -- No.29, Vol.8, 1960. -- No.30, Vol.8, 1961. -- No.31, Vol.8, 1962. -- No.32, Vol.8, 1963. -- No.33, Vol.9, 1964. -- No.34, Vol.9, 1965. -- No.35, Vol.9, 1966. -- No.36, Vol.9, 1967. -- No.37, Vol.10, 1968. -- No.39, Vol.10, 1970. -- No.40, Vol.10, 1971. -- No.43, Vol.12, 1974. -- No.55, Vol.14, 1986 | |
| 610 | 2 | 4 |
_aUNAM _bInstituto de Investigaciones Estéticas (Ciudad de México) _911232 |
| 650 | 1 | 4 |
_aArte colonial _zMéxico _911233 |
| 700 | 1 |
_aFernández, Justino _9906 |
|
| 902 | _aGFM | ||
| 942 |
_2lcc _cB |
||
| 999 |
_c4132 _d4132 |
||